[Event "Valasska Bystrice op 13th"]
[Site "Valasska Bystrice"]
[Date "2022.09.13"]
[Round "5"]
[White "Valenta, Josef"]
[Black "Jindrasek, Mojmir"]
[Result "0-1"]
[WhiteElo "1456"]
[BlackElo "1778"]
[PlyCount "74"]
[EventDate "2022.09.10"]
[EventType "swiss"]
[EventRounds "9"]
[EventCountry "CZE"]
[SourceTitle "CBM 210 Extra"]
[Source "ChessBase"]
[SourceDate "2022.11.30"]
[SourceVersion "1"]
[SourceVersionDate "2022.11.30"]
[SourceQuality "1"]

1. e4 c5 2. Nf3 d6 3. Bb5+ Bd7 4. Bxd7+ Nxd7 5. 0-0 Ngf6 6. Qe2 Qc7 7. d4 cxd4 8. Nxd4 g6 9. Nc3 a6 10. Be3 Bg7 11. Rad1 b5 12. Nb3 Rc8 13. f3 Ne5 14. h4 0-0 15. g4 b4 16. Nd5 Nxd5 17. Rxd5 Qxc2 18. Rd2 Qc4 19. Qd1 a5 20. Nxa5 Qxa2 21. Nb3 Nc4 22. Re2 Nxe3 23. Rxe3 Qxb2 24. Re2 Qc3 25. Kg2 Qc4 26. Rff2 Bc3 27. Ra2 Ra8 28. Na5 Qc7 29. Qd5 Ra6 30. Nb3 Qb6 31. Rfc2 Rc8 32. Qd3 Rca8 33. Qe2 Ra3 34. Nc1 Be5 35. Qc4 Qe3 36. Rxa3 Rxa3 37. Rf2 Rc3 0-1